000 00961nam a2200265 a 4500
003 BLK
005 20250529160357.0
008 201211b bu |||||r|||| 00| | bu d
020 _a9789542732549
040 _aBLK
041 _aBUL
_cBUL
080 _aБългарска литература
_b821.163.2
_x-312.4
_z821.163.2-312.4
084 _aЛ 24
100 _9394784
_aЛаптева, Гергана Гришева
245 _aМомичето от портрета
_cГергана Лаптева.
260 _9209434
_aСофия
_bЕгмонт България
_c2024
_fСофия : Ропринт
300 _a542 с.
_c21 см
380 _aX
500 _aЗа автора: с. 542
852 _aЦб 324043
_bЦб
852 _bП
_c821.163.2-31/Л 24 Г
942 _cKNG
_n0
_s1
_07
944 _cНора Радева
_k30576
_lЦветомила Тодорова
999 _c516480
_d516480